| 000 -LEADER |
| fixed length control field |
01042nam a2200205Ia 4500 |
| 001 - CONTROL NUMBER |
| control field |
17805 |
| 003 - CONTROL NUMBER IDENTIFIER |
| control field |
GE_BSU |
| 005 - DATE AND TIME OF LATEST TRANSACTION |
| control field |
20200224151606.0 |
| 008 - FIXED-LENGTH DATA ELEMENTS--GENERAL INFORMATION |
| fixed length control field |
181216s1961 xx |||||||||||||| ||eng|| |
| 040 ## - CATALOGING SOURCE |
| Transcribing agency |
GE_BSU |
| 041 ## - LANGUAGE CODE |
| Language code of text/sound track or separate title |
eng |
| 080 ## - UNIVERSAL DECIMAL CLASSIFICATION NUMBER |
| Universal Decimal Classification number |
353.03(73) P-97 |
| 245 ## - TITLE STATEMENT |
| Title |
Public papers of the presidents of the United States Dwight D. Eisenhower. 1960-1961 |
| Remainder of title |
Containing the Public Message, Speeches, and Statements of the President. January 1, 1960, to january 20, 1961 |
| 264 ## - PRODUCTION, PUBLICATION, DISTRIBUTION, MANUFACTURE, AND COPYRIGHT NOTICE |
| Place of production, publication, distribution, manufacture |
Washington : |
| Name of producer, publisher, distributor, manufacturer |
United States government printing office, |
| Date of production, publication, distribution, manufacture, or copyright notice |
1961. |
| 300 ## - PHYSICAL DESCRIPTION |
| Extent |
1165 p. : |
| Other physical details |
ill; |
| Dimensions |
26 cm |
| 653 ## - INDEX TERM--UNCONTROLLED |
| keyword |
Containing the Public Message, Speeches, and Statements of the President. January 1, 1960, to january 20, 1961 |
| 653 ## - INDEX TERM--UNCONTROLLED |
| keyword |
Public papers of the presidents of the United States Jimmy Carter 1980-81. |
| 653 ## - INDEX TERM--UNCONTROLLED |
| keyword |
შეერთებული შტატების პრეზიდენტების დუაიტ დ ეიზენჰაუერის საჯარო ნაშრომები |
| 942 ## - ADDED ENTRY ELEMENTS (KOHA) |
| Koha item type |
წიგნი |
| Source of classification or shelving scheme |
|